| 000 | 01585nam a22003497a 4500 | ||
|---|---|---|---|
| 999 |
_c29533 _d29504 |
||
| 003 | EG-ScBUE | ||
| 005 | 20210930145005.0 | ||
| 008 | 210928s2004 su a f b 000 0 ara d | ||
| 017 | _a1425/4307 | ||
| 020 | _a9960377407 | ||
| 040 |
_aEG-ScBUE _bara _erda _cEG-ScBUE _dEG-ScBUE |
||
| 041 | 1 |
_aara _heng |
|
| 082 | 0 | 4 |
_a515 _bد ر ي _222 |
| 100 | 1 |
_aدريك، وليام ر.، _d1938- _eمؤلف. |
|
| 245 | 1 | 2 |
_aالتحليل المركب وتطبيقاته / _cتاليف وليام ر. دريك ؛ ترجمة د. سعدون إبراهيم عثمان البراهيم، أبو بكر الصديق بيومي، قسم الرياضيات، كلية العلوم، جامعة الملك سعود. |
| 264 | 1 |
_aالرياض : _bجامعة الملك سعود، _c2004. |
|
| 300 |
_a477 صفحة : _bإيضاحيات ؛ _c24 سم |
||
| 336 |
_2rdacontent _aنص _btxt |
||
| 337 |
_2rdamedia _aبدون وسيط _bn |
||
| 338 |
_2rdacarrier _aمجلد _bnc |
||
| 504 | _aيشتمل على إرجاعات ببليوجرافية. | ||
| 541 |
_cDonation; _aHeba. |
||
| 546 | _aالنص بالغتين العربية والإنجليزية. | ||
| 650 | 7 |
_aالدوال الجبرية. _2BUEsh |
|
| 650 | 7 |
_aالدوال المركبة. _2BUEsh |
|
| 650 | 7 |
_aتحليل الدوال. _2BUEsh _914812 |
|
| 653 |
_aBUEsh _bGGEN _cSeptember2021 |
||
| 655 | 7 |
_2BUEsh _vReading book _934232 |
|
| 700 | 1 |
_aالبراهيم، سعدون بن إبراهيم عثمان، _eمترجم. |
|
| 700 | 1 |
_aبيومي، أبو بكر الصديق أحمد، _eمترجم. |
|
| 942 | _2ddc | ||